00500 a2200133 4500020001800000050002100018100004200039245009500081264003200176300005000208500001900258650005700277700003200334 a9781472438652 aK3240.4 ROU 2017 a Blanck, Peter David, d1957-eauthor aRoutledge Handbook of Disability Law and Human Rights /cPeter Blanck and Ellinoir Flynn  aLondon:bRoutledge, c2016. a1 online resource , 280 pages : illustrations aincludes index aPeople with disabilities -- Legal status, laws, etc. aFlynn, EilioniĖĪr, d1986 -